El transporte público en el AMG y sus desafíos ante el COVID-19 /

Bibliographic Details
Main Author: Alvizo Carranza, Cristina (Author)
Format: Electronic eBook
Language:Spanish
Published: Zapopan, Jalisco : El Colegio de Jalisco, [2020]
Series:Colección Jalisco ante el COVID-19 ; 11.
Subjects:
Online Access:Digitalia Hispánica

MARC

LEADER 00000nam a2200000Ii 4500
001 DIGCOJAL0036
003 NyNyDIG
006 m o d
007 cr |||||||||||
008 250404s2020 mx bdo ob 000 0 spa d
035 |a (OCoLC)1513491441 
040 |a DGITA  |b eng  |e rda  |e pn  |c DGITA 
020 |z 9786078657711 
043 |a n-mx--- 
050 1 4 |a HE4519.G83 ebook 
100 1 |a Alvizo Carranza, Cristina,  |e author. 
245 1 3 |a El transporte público en el AMG y sus desafíos ante el COVID-19 /  |c Cristina Alvizo Carranza. 
264 1 |a Zapopan, Jalisco :  |b El Colegio de Jalisco,  |c [2020] 
300 |a 1 online resource :  |b 1 color map, some color charts, color photographs. 
336 |a text  |b txt  |2 rdacontent 
337 |a computer  |b c  |2 rdamedia 
338 |a online resource  |b cr  |2 rdacarrier 
347 |a text file  |2 rdaft 
347 |b PDF 
490 1 |a Colección Jalisco ante el COVID-19: problemas, retos y propuestas ;  |v 11 
504 |a Includes bibliographical references. 
588 0 |a Online resource; title from PDF title page (Digitalia, viewed April 4, 2025) 
650 0 |a Local transit  |z Mexico  |z Guadalajara Metropolitan Area. 
650 0 |a COVID-19 Pandemic, 2020-  |x Social aspects  |z Mexico. 
791 2 |a Digitalia (Firm),  |e distributor. 
793 0 |g Digitalia eBook Collection:  |a El Colegio de Jalisco 
776 0 8 |i Print version:  |a Alvizo Carranza, Cristina.  |t Transporte público en el AMG y sus desafíos ante el COVID-19.  |b Primera edición.  |d Zapopan, Jalisco : El Colegio de Jalisco, 2020  |z 9786078657711 
830 0 |a Colección Jalisco ante el COVID-19 ;  |v 11. 
856 4 0 |3 Digitalia Hispánica  |u https://www.digitaliapublishing.com/a/172198/ 
910 |a Premium collection: 2025